A polgármester indítványa a város kegyúri jogairól
Elmentve itt :
| Dokumentumtípus: | Cikk |
|---|---|
| Megjelent: |
1915-09-25
|
| Sorozat: | Délmagyarország
4 No. 232 |
| Kulcsszavak: | Gaál Endre, Somogyi Szilveszter, Kegyúri jog Szeged 1915, Szeged |
| Online Access: | http://dmarchiv.bibl.u-szeged.hu/59310 |
| LEADER | 00477nab a2200145 i 4500 | ||
|---|---|---|---|
| 001 | delm59310 | ||
| 005 | 20180927144633.0 | ||
| 008 | 180927s1915 hu o 0|| hun d | ||
| 040 | |a SZTE Délmagyarország Archívum |b hun | ||
| 041 | |a hun | ||
| 245 | 0 | 2 | |a A polgármester indítványa a város kegyúri jogairól |h [elektronikus dokumentum] |
| 260 | |c 1915-09-25 | ||
| 300 | |a 6 | ||
| 490 | 0 | |a Délmagyarország |v 4 No. 232 | |
| 695 | |a Gaál Endre, Somogyi Szilveszter, Kegyúri jog Szeged 1915, Szeged | ||